Hmotná zainteresovanosť, stimulácia a motivácia vo VaZN Zborník prednášok

Na minha lista:
Detalhes bibliográficos
Formato: Livro
Idioma:eslovaco
Publicado em: Žilina Dom techn. ČSTVS 1989
Edição:1. vyd.
Tags: Adicionar Tag
Sem tags, seja o primeiro a adicionar uma tag!

MARC

LEADER 00000nam a2200000 4500
001 c027472
005 20221215070629.3
041 0 |a slo 
044 |a SK 
245 1 0 |a Hmotná zainteresovanosť, stimulácia a motivácia vo VaZN  |b Zborník prednášok 
250 |a 1. vyd. 
264 1 |a Žilina  |b Dom techn. ČSTVS  |c 1989 
300 |a 112 s.